Logo BPK

Bibliografia Prac Pracowników

Politechniki Koszalińskiej

Simulation and visualization of ship control system / (Rekord nr 8449)

Szczegóły MARC
000 -ETYKIETA REKORDU
podpole kontrolne o stałej długości 01101naa a22002171i 4500
001 - NUMER KONTROLNY REKORDU
podpole kontrolne 8449
003 - IDENTYFIKATOR NUMERU KONTROLNEGO REKORDU
podpole kontrolne KOSZ 005
005 - DATA OSTATNIEJ MODYFIKACJI REKORDU
podpole kontrolne 20180425140428.0
008 - POLE O STAŁEJ DŁUGOŚCI - DANE KONTROLNE
podpole kontrolne o stałej długości 170609s1999 pl ||||f |||| 10| 0 eng d
040 ## - ŹRÓDŁO KATALOGOWANIA
Instytucja, która utworzyła rekord BPK
Instytucja, która dokonała modyfikacji KOSZ 005/ac
041 ## - KOD JĘZYKA
Kod języka tekstu eng
044 ## - KOD KRAJU WYDAWCY/PRODUCENTA
Kod kraju wydawcy/producenta pol
100 1# - NAZWA OSOBOWA
Nazwa osobowa BAŁASZ, Błażej.
Lata pracy 1996 - .
Instytucja Politechnika Koszalińska - Wydział Mechaniczny,
Wydział Katedra Mechaniki Precyzyjnej
245 10 - TYTUŁ/ODPOWIEDZIALNOŚĆ
Tytuł Simulation and visualization of ship control system /
Pozostałe elementy strefy tytułu i oznaczenia odpowiedzialności Błażej Bałasz, Tomasz Królikowski, Mariusz Kasprzyk.
655 #0 - TERMIN INDEKSOWY - OKREŚLENIE RODZAJU/FORMY DOKUMENTU
Określnie rodzaju/formy dokumentu Materiały konferencyjne.
700 1# - HASŁO DODATKOWE - NAZWA OSOBOWA
Nazwa osobowa KRÓLIKOWSKI, Tomasz.
Lata pracy 1997 - .
Instytucja Politechnika Koszalińska - Wydział Mechaniczny,
Wydział Katedra Mechaniki Precyzyjnej
700 1# - HASŁO DODATKOWE - NAZWA OSOBOWA
Nazwa osobowa KASPRZYK, Mariusz.
Lata pracy 1996 - 2009.
Instytucja Politechnika Koszalińska - Wydział Mechaniczny,
Wydział Katedra Mechaniki Precyzyjnej
711 22 - HASŁO DODATKOWE - NAZWA IMPREZY
Nazwa imprezy European Simulation Multiconference ESM'99
Oznaczenie części/sekcji dzieła (13 ;
Data imprezy 1999 ;
Miejsce imprezy Warszawa, Polska).
773 0# - TYTUŁ DOKUMENTU MACIERZYSTEGO
Wyrażenie wprowadzające W :
Tytuł Modelling and simulation : a tool for the next millennium : 13th European Simulation Multiconference : ESM'99. -
Adres wydawniczy Warszawa, 1999
942 ## - HASŁO DODATKOWE - ELEMENTY(KOHA)
Typ dokumentu Rozdział
Schemat klasyfikacji Uniwersalna klasyfikacja dziesiętna
Egzemplarze
Wycofany Zagubiony Uszkodzony Dostępność Lokalizacja stała Lokalizacja bieżąca Typ dokumentu
      Dostępny Bibliografia Prac Pracowników - BPK Bibliografia Prac Pracowników - BPK Rozdział
© 2014 Biblioteka Politechniki Koszalińskiej :: BIBLIOGRAFIA PRAC PRACOWNIKÓW